000 00306nam a2200133Ia 4500
008 190723s9999 xx 000 0 und d
020 _a81-239-1482-2
100 _aS.C Rastogi
245 0 _aBioinformatics
250 _a2nd
260 _aNew Delhi
_bCBS Publishers
_c2016
300 _a426.:p
942 _cBK
999 _c1762
_d1762